=LDR 00000nam 2200000 4500 =001 INLIS000000000010678 =005 20130612102315 =008 ***********************************Ind** =035 ##$$0010-061300000010678 =041 ##$$a Ind =082 ##$$a 892.7 =090 ##$$a 892.7, Thu m =100 ##$$a Thufail, Abu Bakar Muhammad bin =245 ##$$a Hayy bin Yaqdzon, manusia dalam asuhan Rusia, Abu Bakar Muhammad bin Thufail =260 ##$$a 2003 $b Yogyakarta =300 ##$$a xi, 337 hlm., 20 cm =650 ##$$a Kesusastraan Arab =850 ##$$a NBPNMAT =990 ##$$a 21400613/BPAP-NTB/20142014 =990 ##$$a 0001/BPAP-NTB/2016